000 00314nam a22001217a 4500
008 180124b xxu||||| |||| 00| 0 eng d
041 _aeng
080 _a33
100 _a52
101 _aECO
245 _aECONOMIC AND DEMOGRAPHIC PROJECTIONS FOR STATES AND METROPOLITAN AREAS
_cAREAS.M
942 _2udc
_cBK
999 _c40872
_d40872